[Event "Thursday Knighter: OPEN"]
[Site "Minneapolis, MN"]
[Date "2018.10.11"]
[Round "2.2"]
[White "Melander, Robert"]
[Black "Landman, Kevin"]
[Result "1-0"]
[WhiteElo "1541"]
[BlackElo "1506"]

1. e4 c5 2. Nf3 e6 3. d4 cxd4 4. Nxd4 a6 5. c4 Nf6 6. Bd3 Nc6 7. Nxc6 dxc6 8.
O-O e5 9. Bg5 Be7 10. Qc2 Qc7 11. Nc3 Be6 12. Rad1 h6 13. Bxf6 Bxf6 14. Rfe1
O-O 15. b3 Be7 16. g3 Bc5 17. Kg2 Rad8 18. Ne2 Qc8 19. Ng1 Bg4 20. f3 Bh5 21.
g4 Bg6 22. Ne2 Qe6 23. h3 Qf6 24. Rf1 Be3 25. Qc3 Rd6 26. c5 Rd7 27. Bxa6 Rxd1
28. Rxd1 bxa6 29. Qxe3 Rd8 30. Qc1 Rxd1 31. Qxd1 Qe7 32. b4 a5 33. a3 Qc7 34.
Qd6 Qb7 35. Qd8+ Kh7 36. Qxa5 f6 37. Qb6 Qd7 38. Kf2 Bf7 39. Qb8 Qd3 40. Qd6
Qxa3 41. Qd2 Bc4 42. Ng3 Qa7 43. Nf5 Bb5 44. Nd6 Qd7 45. Ke1 Ba6 46. Qa2 Bd3
47. Qf7 Qxf7 48. Nxf7 Kg8 49. Nd8 Bb5 50. Kd2 Kf8 51. Nb7 Ke7 52. Nd6 Bf1 53.
h4 g6 54. h5 gxh5 55. gxh5 Bg2 56. Ke3 Bh3 57. Kf2 Bd7 58. Ke3 Be6 59. Kd3 Bh3
60. Kc3 {#r} 1-0

[Event "Thursday Knighter: OPEN"]
[Site "Minneapolis, MN"]
[Date "2018.10.11"]
[Round "2.5"]
[White "Foote, Brendan"]
[Black "Svenson, Michael"]
[Result "1-0"]
[WhiteElo "1142"]
[BlackElo "1528"]

1. d4 d5 2. c4 c6 3. Nf3 e6 4. cxd5 exd5 5. Qc2 Nf6 6. Bf4 Bd6 7. Bxd6 Qxd6 8.
e3 Bg4 9. Nbd2 Nbd7 10. Bd3 Bh5 11. O-O Bg6 12. Rab1 Bxd3 13. Qxd3 O-O 14. b4
Rfe8 15. b5 c5 16. dxc5 Nxc5 17. Qa3 Nfe4 18. Rfd1 Qb6 19. Rb2 Rac8 20. Nb1
Nd7 21. h3 Ndf6 22. Qb3 Rc5 23. Nd4 Rec8 24. Rc2 Rxc2 25. Nxc2 Qc7 26. Nb4 Qc4
27. Qxc4 dxc4 28. Nd5 Nxd5 29. Rxd5 Nf6 30. Rd4 Kf8 31. Nc3 Ke7 32. Kf1 Ke6
33. Ke2 Nd7 34. Kd2 Nb6 35. Kc2 Rc7 36. Ne4 f6 37. Kc3 a5 38. Rd6+ Ke5 39.
Rxb6 Kxe4 40. Rd6 Rc5 41. Rd4+ Ke5 42. Rxc4 Rxb5 43. Rc7 Rb1 44. Rxg7 b5 45.
Rxh7 b4+ 46. Kc2 Rf1 47. f4+ Ke4 48. Re7+ Kd5 49. g4 Rf2+ 50. Kb3 Kc5 51. Re6
Kb5 52. a4+ bxa3 53. Kxa3 Rd2 54. Rxf6 Rd3+ 55. Kb2 Kb4 56. Rb6+ Ka4 57. f5
Rxe3 58. f6 Rxh3 59. f7 Rf3 60. Rb7 Rf2+ 61. Kc3 Rf3+ 62. Kd4 Rf4+ 63. Ke5
Rxg4 64. f8=Q Re4+ 65. Kd6 Re6+ 66. Kd7 Rd6+ 67. Kxd6 {#r} 1-0

[Event "Thursday Knighter X: PREMIER"]
[Site "Minneapolis, MN"]
[Date "2018.10.18"]
[Round "3.1"]
[White "Boardman, Larry"]
[Black "Hunt, Ethan"]
[Result "1/2-1/2"]
[WhiteElo "1932"]
[BlackElo "1912"]

1. e4 e5 2. Bc4 Nf6 3. d3 c6 4. Nf3 d5 5. Bb3 Bd6 6. Nc3 dxe4 7. Ng5 O-O 8.
Ncxe4 Nxe4 9. Nxe4 Be7 10. O-O a5 11. a4 Nd7 12. Be3 Nf6 13. Nxf6+ Bxf6 14.
Qf3 Qd7 15. h3 Qf5 16. Qxf5 Bxf5 17. f4 exf4 18. Rxf4 Bg6 19. Bd4 Bxd4+ 20.
Rxd4 Rfd8 21. Rxd8+ Rxd8 22. Re1 {#d} 1/2-1/2

[Event "Thursday Knighter X: PREMIER"]
[Site "Minneapolis, MN"]
[Date "2018.10.18"]
[Round "3.2"]
[White "Narayanan, Samrug"]
[Black "Britt, Thomas"]
[Result "1-0"]
[WhiteElo "1183"]
[BlackElo "1460"]

1. e4 c5 2. Nf3 Nc6 3. Bb5 e6 4. O-O Nge7 5. c3 a6 6. Ba4 b5 7. Bc2 Bb7 8. Re1
d5 9. e5 d4 10. Be4 Qb6 11. d3 h6 12. h4 Rd8 13. cxd4 Nxd4 14. Nxd4 Rxd4 15.
Be3 Rd7 16. Bxb7 Rxb7 17. Nc3 Nf5 18. Ne4 Rd7 19. Qc2 Nxe3 20. fxe3 Rd5 21. b4
Rxe5 22. bxc5 Qc6 23. Qb2 Rd5 24. d4 Be7 25. a4 bxa4 26. g3 O-O 27. Qg2 Rc8
28. Nc3 Rd7 29. Qxc6 Rxc6 30. Rxa4 e5 31. Rb1 exd4 32. exd4 Bf6 33. Ne2 g5 34.
hxg5 hxg5 35. Rc4 Rd5 36. Rd1 Be7 37. Nc3 Rd8 38. Kg2 Kg7 39. Re1 Bf8 40. Re5
Kg6 41. g4 Bg7 42. Re4 f5 43. gxf5+ Kxf5 44. Kf3 Rc7 45. Ne2 Rb7 46. Ng3+ Kg6
47. c6 Rc7 48. Kg4 Bxd4 49. Re6+ Kf7 50. Re1 Bf6 51. Nf5 Rd5 52. Rb1 Rb5 53.
Nd6+ Ke6 54. Nxb5 axb5 55. Rxb5 Kd6 56. Rbc5 Ke6 57. Rc1 Be7 58. Re1+ Kd6 59.
Rc2 Bf8 60. Rd1+ Ke6 61. Re2+ Kf7 62. Rf2+ Ke8 63. Rb1 Bc5 64. Re2+ Be7 65.
Rb7 Rxc6 66. Rexe7+ Kf8 67. Rec7 {#r} 1-0

[Event "Thursday Knighter X: PREMIER"]
[Site "Minneapolis, MN"]
[Date "2018.10.18"]
[Round "3.3"]
[White "Zagar, Dane"]
[Black "Newhall, Peter"]
[Result "1/2-1/2"]
[WhiteElo "1972"]
[BlackElo "1067"]

1. d4 f5 2. g3 Nf6 3. Bg2 e6 4. Nf3 Be7 5. Nc3 O-O 6. Bf4 d6 7. Qd2 Qe8 8.
O-O-O Nbd7 9. e4 Nxe4 10. Nxe4 fxe4 11. Ng5 Bxg5 12. Bxg5 d5 13. Bf4 c6 14. c4
e5 15. dxe5 Nxe5 16. Bxe5 Qxe5 17. cxd5 cxd5 18. Qxd5+ Qxd5 19. Rxd5 Rxf2 20.
Rd8+ Rf8 21. Rxf8+ Kxf8 22. Bxe4 g6 23. Rf1+ Kg7 24. b3 Bh3 25. Rf2 Rc8+ 26.
Rc2 b6 27. Bb7 Rxc2+ 28. Kxc2 Kf6 29. b4 Ke5 30. Kc3 g5 31. a4 h5 32. a5 h4
33. Kd3 hxg3 34. hxg3 Bf1+ 35. Ke3 Bh3 36. Ba6 Bg2 37. Be2 Bh3 38. Kf3 Be6
{#d} 1/2-1/2

[Event "Thursday Knighter X: PREMIER"]
[Site "Minneapolis, MN"]
[Date "2018.10.18"]
[Round "3.4"]
[White "Hoover, Nathan"]
[Black "Buyukdag, Yusuf"]
[Result "1-0"]
[WhiteElo "1979"]
[BlackElo "1102"]

1. e4 c5 2. Nf3 Nc6 3. d4 cxd4 4. Nxd4 g6 5. c4 Bg7 6. Be3 d6 7. Nc3 Nf6 8.
Be2 O-O 9. O-O Nxd4 10. Bxd4 b6 11. Qd3 Bb7 12. f4 Qc7 13. Kh1 Rad8 14. Rad1
Qb8 15. Rfe1 Nd7 16. Qh3 Nc5 17. Bxg7 Kxg7 18. Bf3 Qa8 19. Re3 a6 20. g4 Ne6
21. g5 Nxf4 22. Qh6+ Kg8 23. Nd5 Nxd5 24. exd5 e5 25. Bg4 f5 26. gxf6 Rxf6 27.
Rh3 Bxd5+ 28. cxd5 Qb7 29. Kg1 Rdf8 30. Rc1 Qf7 31. Be6 {#r} 1-0

[Event "Thursday Knighter X: PREMIER"]
[Site "Minneapolis, MN"]
[Date "2018.10.18"]
[Round "3.5"]
[White "Wasserman, Eddie"]
[Black "Wisniewski, Vincent"]
[Result "1-0"]
[WhiteElo "1928"]
[BlackElo "1432"]

1. d4 Nf6 2. c4 e6 3. Nc3 Bb4 4. Qc2 d5 5. cxd5 exd5 6. Bg5 O-O 7. e3 Bg4 8.
Bd3 h6 9. Bh4 Nbd7 10. Nge2 c5 11. O-O c4 12. Bf5 Bxe2 13. Qxe2 Bxc3 14. bxc3
Qa5 15. Rac1 b5 16. f4 Rfe8 17. Rf3 Qc7 18. Rc2 Qd6 19. Rg3 a5 20. Bxd7 Nxd7
21. Qg4 g6 22. f5 Re4 23. Qh3 Nf8 24. fxg6 fxg6 25. Rf3 g5 26. Bg3 Qg6 27. Rf5
Rxe3 28. Rcf2 Rxc3 29. Rf1 Rd8 30. Rf6 Qg7 31. Qf5 Rxg3 32. hxg3 c3 33. Kh2 h5
34. Rf7 Qh6 35. Qd3 h4 36. g4 Qd6+ 37. Kh1 Rc8 38. Qf5 Re8 39. Qxg5+ Ng6 40.
R7f6 Re6 41. Qxg6+ {#r} 1-0

[Event "Thursday Knighter: OPEN"]
[Site "Minneapolis, MN"]
[Date "2018.10.18"]
[Round "3.3"]
[White "Foote, Brendan"]
[Black "Baker, John"]
[Result "0-1"]
[WhiteElo "1142"]
[BlackElo "1767"]

1. d4 d5 2. c4 e6 3. Nc3 c5 4. cxd5 exd5 5. Nf3 Nc6 6. g3 Nf6 7. Bg2 Be7 8.
O-O O-O 9. dxc5 Bxc5 10. Na4 Be7 11. Be3 Bg4 12. Rc1 Qd7 13. Nc5 Bxc5 14. Bxc5
Rfe8 15. Re1 Rad8 16. Nd4 Bh3 17. Rc2 Bxg2 18. Kxg2 Ne4 19. e3 Ng5 20. Qh5
Nxd4 21. Bxd4 Qf5 22. Rc7 g6 23. Qh6 Ne6 24. Rd1 Nxd4 25. Rxd4 Rd7 26. Rxd7
Qxd7 27. Qg5 f5 28. h3 Re4 29. Rd2 Kg7 30. g4 h6 31. Qh4 g5 32. Qg3 fxg4 33.
Kg1 gxh3 34. Qf3 Qe6 35. Rc2 Rc4 36. Rd2 Rc1+ 37. Kh2 Qe5+ 38. Qg3 Qe4 39. f3
Qxe3 40. Rxd5 Qe2+ 41. Kxh3 Qe6+ {#R} 0-1

[Event "Thursday Knighter: OPEN"]
[Site "Minneapolis, MN"]
[Date "2018.10.18"]
[Round "3.4"]
[White "Landman, Kevin"]
[Black "Dillon, Daniel"]
[Result "1/2-1/2"]
[WhiteElo "1506"]
[BlackElo "1506"]

1. d4 e6 2. c4 f5 3. g3 Nf6 4. Bg2 Be7 5. Nc3 d6 6. Nf3 O-O 7. O-O a5 8. b3
Qe8 9. Nb5 Na6 10. Ba3 Qh5 11. e3 Bd7 12. Ne5 Qxd1 13. Rfxd1 Bxb5 14. cxb5 Nb4
15. Bxb4 axb4 16. Nd3 d5 17. Nc5 Bxc5 18. dxc5 Ne4 19. Bxe4 fxe4 20. Rd4 Ra3
21. Rxb4 Rfa8 22. c6 b6 23. Ra4 R8xa4 24. bxa4 Rxa4 25. Kf1 Kf7 26. Ke2 Ke7
27. f3 exf3+ 28. Kxf3 Kd6 29. Rc1 Rxa2 30. h4 Rb2 31. Ra1 Rxb5 32. Ra8 Kxc6
33. Rg8 d4 34. exd4 Rf5+ 35. Ke4 Rf7 36. Ke5 Kd7 37. g4 Re7 38. Rb8 Kc6 39. g5
Kb5 40. h5 Kc4 41. Rh8 Rd7 42. Rxh7 Rd5+ 43. Kxe6 Rxg5 44. d5 b5 45. h6 Rg6+
46. Ke5 Rxh6 47. Rxg7 Rh5+ 48. Ke4 Rxd5 49. Rxc7+ Rc5 50. Rb7 Kc3 51. Rh7 b4
52. Rh3+ Kb2 53. Kd4 Rc2 54. Rh8 b3 55. Kd3 Rc7 56. Rh2+ Rc2 57. Rh8 Kb1 58.
Rh1+ Kb2 59. Rh8 Rc3+ 60. Kd2 Rc4 61. Kd3 Rc5 62. Rh2+ Ka3 63. Rh8 b2 64. Ra8+
Kb4 65. Rb8+ Rb5 66. Rxb5+ Kxb5 67. Kc2 {#d} 1/2-1/2

[Event "Thursday Knighter: OPEN"]
[Site "Minneapolis, MN"]
[Date "2018.10.18"]
[Round "3.5"]
[White "Hale, Roger"]
[Black "Juntunen, Steven"]
[Result "1-0"]
[WhiteElo "1979"]
[BlackElo "2133"]

1. e4 e5 2. Nf3 Nc6 3. Bb5 a6 4. Ba4 Nf6 5. O-O Be7 6. Re1 b5 7. Bb3 O-O 8. c3
d6 9. d4 Bg4 10. d5 Na5 11. Nbd2 c5 12. dxc6 Nxc6 13. Nf1 Qd7 14. h3 Bh5 15.
Ng3 Bg6 16. Nh4 Na5 17. Nxg6 hxg6 18. Bc2 Rac8 19. Qe2 Qc6 20. Bd2 Nc4 21. Bc1
Rfe8 22. a4 b4 23. a5 bxc3 24. Ba4 cxb2 25. Bxb2 Qc5 26. Bxe8 Nxb2 27. Bxf7+
Kxf7 28. Qxb2 Qc7 29. Rec1 Rb8 30. Qa2+ Qc4 31. Qxc4+ d5 32. exd5 Rb4 33. Qc6
Rb5 34. Qe6+ Kf8 35. Rc8+ Ne8 36. Qxg6 Rxd5 37. Qxe8# 1-0

[Event "Thursday Knighter: PREMIER"]
[Site "Minneapolis, MN"]
[Date "2018.10.25"]
[Round "4.1"]
[White "Hunt, Ethan"]
[Black "Britt, Thomas"]
[Result "0-1"]
[WhiteElo "1912"]
[BlackElo "1460"]

1. Nf3 Nf6 2. c4 g6 3. Nc3 Bg7 4. d4 d6 5. e4 O-O 6. Be2 e5 7. O-O Na6 8. Be3
Ng4 9. Bg5 Qe8 10. Re1 f6 11. Bh4 h5 12. h3 Nh6 13. dxe5 dxe5 14. Rb1 Be6 15.
b4 Qf7 16. c5 c6 17. Qc2 g5 18. Bg3 Rfd8 19. Nd1 Nc7 20. a4 a6 21. Ne3 Qg6 22.
Bc4 Kh7 23. Red1 Bf8 24. Bxe6 Nxe6 25. Nf5 Qe8 26. Ne3 Rxd1+ 27. Rxd1 Rd8 28.
Nc4 Nf7 29. Bh2 Rd7 30. Nb6 Rxd1+ 31. Qxd1 a5 32. Ne1 Nh6 33. Nd7 Be7 34. bxa5
Nxc5 35. Nxc5 Bxc5 36. Nd3 Bd4 37. Qc1 Qe7 38. Kf1 Qc7 39. Qd2 c5 40. Nc1 Qc6
41. Qc2 Qa6+ 42. Qd3 c4 43. Qe2 Kg6 44. f3 Qxa5 45. Qxc4 Qd2 46. Bg3 Bc3 47.
Nd3 Qd1+ 48. Be1 Bxe1 49. Nxe1 g4 50. h4 Qd2 51. Qb5 g3 52. Qe2 Qd4 53. Nc2
Qxa4 54. Ne3 Qa6 55. Qxa6 bxa6 56. Ke2 f5 57. exf5+ Nxf5 58. Nf1 Kf6 59. Kd3
Ke6 60. f4 Kd5 61. fxe5 Kxe5 62. Nd2 Nxh4 63. Ke3 Nf5+ 64. Kf3 h4 65. Kg4 Kf6
66. Nc4 Ke6 67. Na5 Ke5 68. Nb3 Kd5 69. Nc1 Ke4 70. Ne2 a5 71. Nc3+ Kd3 72.
Na4 Ke3 73. Nb2 Kf2 74. Kh3 Kg1 75. Na4 Ne3 76. Kxh4 Kxg2 77. Nc3 Kh2 {#R} 0-1

[Event "Thursday Knighter: PREMIER"]
[Site "Minneapolis, MN"]
[Date "2018.10.25"]
[Round "4.2"]
[White "Zagar, Dane"]
[Black "Boardman, Larry"]
[Result "1-0"]
[WhiteElo "1972"]
[BlackElo "1932"]

1. d4 d5 2. c4 e6 3. Nc3 c5 4. cxd5 exd5 5. g3 Nc6 6. Nf3 Nf6 7. Bg2 Be7 8.
O-O O-O 9. Bg5 cxd4 10. Nxd4 h6 11. Be3 Re8 12. Rc1 Bg4 13. Ncb5 a6 14. Nxc6
bxc6 15. Nd4 Qa5 16. a4 Bd7 17. Nxc6 Bxc6 18. Rxc6 Rab8 19. Bd4 Ne4 20. Bxe4
dxe4 21. Bc3 Bb4 22. Bd4 Red8 23. e3 Rd5 24. Qg4 Rg5 25. Qxe4 Qxa4 26. Rfc1
Qb5 27. Rc8+ Bf8 28. Qe7 Qb4 29. Rxf8+ {#r} 1-0

[Event "Thursday Knighter: PREMIER"]
[Site "Minneapolis, MN"]
[Date "2018.10.25"]
[Round "4.3"]
[White "Newhall, Peter"]
[Black "Buyukdag, Yusuf"]
[Result "1-0"]
[WhiteElo "1067"]
[BlackElo "1102"]

1. d4 Nf6 2. Nf3 e6 3. e3 c5 4. Bd3 Nc6 5. O-O Be7 6. c4 O-O 7. Nc3 d5 8. b3
a6 9. Bb2 cxd4 10. exd4 Qd6 11. Qe2 Nd7 12. Rad1 b6 13. Rfe1 Bf6 14. Na4 Qc7
15. Rc1 Bb7 16. cxd5 exd5 17. Ba3 Rfd8 18. Ne5 Ndxe5 19. dxe5 Bg5 20. Bd6 Qd7
21. Nxb6 Qe6 22. Nxa8 Bxc1 23. Nc7 Qh6 24. Bxh7+ Qxh7 25. Rxc1 Nd4 26. Qd2 Nf5
27. Nxd5 Qg6 28. Nf4 Qg5 29. g3 Nh4 30. Kf1 Bg2+ 31. Ke2 Qg4+ 32. Kd3 Nf3 33.
Qe3 Qf5+ 34. Kc3 Rc8+ 35. Kb2 Rxc1 36. Kxc1 Bh1 37. Qd3 Qd7 38. Qxa6 Nxh2 39.
Qc4 Ng4 40. Qc7 Qf5 41. Qd8+ Kh7 42. Qh4+ Kg8 43. Qxh1 Qc8+ 44. Kb1 Nxf2 45.
Qc1 Qf5+ 46. Qc2 Ne4 47. Kb2 g5 48. Ne2 Qf3 49. Nc3 Nf2 50. Ka3 Nd3 51. Na4
Qxg3 52. Qc8+ Kh7 53. Qf5+ Kg8 54. Nc5 Qe3 55. Qxd3 {#r} 1-0

[Event "Thursday Knighter: PREMIER"]
[Site "Minneapolis, MN"]
[Date "2018.10.25"]
[Round "4.4"]
[White "Hoover, Nathan"]
[Black "Wasserman, Eddie"]
[Result "1-0"]
[WhiteElo "1979"]
[BlackElo "1928"]

1. e4 c6 2. d4 d5 3. Nc3 dxe4 4. Nxe4 Bf5 5. Ng3 Bg6 6. h4 h6 7. Nf3 Nd7 8. h5
Bh7 9. Bd3 Bxd3 10. Qxd3 e6 11. Bf4 Qa5+ 12. Bd2 Bb4 13. c3 Be7 14. c4 Qc7 15.
O-O-O b5 16. c5 Ngf6 17. Ne4 Rd8 18. Nxf6+ Nxf6 19. Qe2 Ng4 20. Kb1 O-O 21. g3
e5 22. Nxe5 Nxe5 23. Bf4 Bxc5 24. dxe5 Qb6 25. Qg4 Kh7 26. Qf5+ Kg8 27. e6
fxe6 28. Qxe6+ Kh8 29. Be5 Qb7 30. Rxd8 Rxd8 31. Qxh6+ Kg8 32. Qg5 Qd7 33.
Bxg7 Qd3+ 34. Kc1 {#r} 1-0

[Event "Thursday Knighter: PREMIER"]
[Site "Minneapolis, MN"]
[Date "2018.10.25"]
[Round "4.5"]
[White "Wisniewski, Vincent"]
[Black "Louie, Terry"]
[Result "0-1"]
[WhiteElo "1432"]
[BlackElo "1506"]

1. d4 Nf6 2. c4 c5 3. e3 g6 4. Nc3 Bg7 5. Nf3 O-O 6. Be2 d5 7. dxc5 dxc4 8.
O-O Qa5 9. Bxc4 Qxc5 10. b3 Bg4 11. Bb2 Nc6 12. Rc1 Rfd8 13. Qe2 Ne5 14. Nb1
Nxc4 15. Rxc4 Qh5 16. Bd4 e5 17. Rc5 Ne4 18. Rb5 Ng5 19. Nbd2 a6 20. Ra5 b6
21. Bxb6 Rxd2 22. Qxd2 Nxf3+ 23. gxf3 Bxf3 24. Qd7 Qg5+ {#R} 0-1

[Event "Thursday Knighter: OPEN"]
[Site "Minneapolis, MN"]
[Date "2018.10.25"]
[Round "4.4"]
[White "Heinisch, Michael"]
[Black "Landman, Kevin"]
[Result "0-1"]
[WhiteElo "1300"]
[BlackElo "1506"]

1. e4 c5 2. d4 cxd4 3. c3 dxc3 4. Nxc3 Nc6 5. Nf3 d6 6. Bc4 a6 7. O-O Nf6 8.
Qe2 Bg4 9. Rd1 e6 10. h3 Bh5 11. Bf4 e5 12. Be3 Qa5 13. Nd5 Nxd5 14. Rxd5 Qd8
15. g4 Bg6 16. Rad1 Bxe4 17. Nxe5 Bxd5 18. Nxc6 bxc6 19. Bxd5 cxd5 20. Bd4+
Be7 21. Bxg7 Rg8 22. Bf6 Kf8 {#R} 0-1

[Event "Thursday Knighter: OPEN"]
[Site "Minneapolis, MN"]
[Date "2018.10.25"]
[Round "4.5"]
[White "Khann, Riaz"]
[Black "Foote, Brendan"]
[Result "0-1"]
[WhiteElo "1506"]
[BlackElo "1142"]

1. f4 d5 2. Nf3 Bg4 3. e3 c5 4. Be2 Nc6 5. O-O g6 6. Ne5 Bxe2 7. Qxe2 Nxe5 8.
fxe5 Qd7 9. Qf3 f6 10. exf6 Nxf6 11. b3 Bg7 12. c3 O-O 13. Ba3 Qb5 14. c4 Qc6
15. Qe2 Ne4 16. Rxf8+ Rxf8 17. d4 cxd4 18. Qd3 dxc4 19. bxc4 dxe3 20. Nc3 Nxc3
21. Rf1 Rxf1+ 22. Kxf1 e2+ 23. Ke1 Qf6 24. Qf3 Qxf3 25. gxf3 e6 26. Bc5 a6 27.
a3 Kf7 28. h3 Be5 29. Bf2 Kf6 30. Kd2 Kf5 31. h4 Kf4 32. Be1 Kxf3 33. Kd3 Nd1
34. c5 Ne3 35. a4 Ng2 36. Bd2 e1=Q 37. Bxe1 Nxe1+ 38. Kc4 h6 39. Kb4 Bc7 40.
Kc4 g5 41. hxg5 hxg5 {#R} 0-1

[Event "Thursday Knighter: OPEN"]
[Site "Minneapolis, MN"]
[Date "2018.10.25"]
[Round "4.6"]
[White "VonEschen, Mitchell"]
[Black "Juntunen, Steven"]
[Result "0-1"]
[WhiteElo "1638"]
[BlackElo "2133"]

1. c4 e5 2. Nc3 Nf6 3. d3 Bb4 4. Nf3 O-O 5. Nxe5 Re8 6. Nf3 d5 7. a3 Bxc3+ 8.
bxc3 dxc4 9. d4 c5 10. Bg5 cxd4 11. cxd4 Qa5+ 12. Qd2 c3 13. Qc1 Ne4 14. e3
Nxg5 15. Nxg5 Qxg5 16. Qxc3 Nc6 17. Rb1 Qa5 18. Qxa5 Nxa5 19. Bb5 Re7 20. O-O
a6 21. Be2 Be6 22. Rfc1 b5 23. a4 Rb7 24. Bf3 Bc4 25. axb5 axb5 26. h3 Rba7
27. Bxa8 Rxa8 28. Rd1 Rd8 29. d5 f5 30. f3 Nb7 31. e4 fxe4 32. fxe4 Nd6 33. e5
Ne4 34. Rd4 Nc3 35. Re1 Rxd5 36. Rxd5 Nxd5 37. Kf2 Kf7 38. Kf3 Ke6 39. Ke4 Ne7
40. Rd1 Bd5+ 41. Kf4 Ng6+ 42. Kg3 b4 43. Re1 b3 44. Ra1 Kxe5 45. Ra4 Ne7 46.
Kf2 Nf5 47. g4 Nd6 48. Rb4 Ne4+ 49. Ke1 Nc5 50. Kd2 Ne4+ 51. Kc1 Nf2 52. Kd2
Nxh3 53. Ke3 g5 54. Kd2 Nf4 55. Ke3 h5 56. gxh5 Nxh5 57. Kd3 Nf4+ 58. Ke3 Nh5
59. Kf2 Nf6 60. Ke3 g4 61. Kf2 Ne4+ 62. Ke3 Nc5 63. Kd2 g3 64. Rg4 Ne4+ 65.
Kc1 Kd4 66. Kb1 Kc3 67. Kc1 b2+ 68. Kb1 Nd2# 0-1

[Event "Thursday Knighter XI: PREMIER"]
[Site "Minneapolis, MN"]
[Date "2018.11.01"]
[Round "1.1"]
[White "Narayanan, Samrug"]
[Black "Boardman, Larry"]
[Result "1-0"]
[WhiteElo "1183"]
[BlackElo "1931"]

1. e4 c5 2. Nf3 e6 3. c3 d5 4. e5 Nc6 5. d4 Nge7 6. Na3 a6 7. Nc2 Ng6 8. h4
Be7 9. g3 Qa5 10. h5 Nf8 11. Bd2 Qc7 12. Bd3 c4 13. Bf1 h6 14. g4 Nh7 15. Qc1
Qd8 16. Be2 Ng5 17. Nxg5 Bxg5 18. f4 Bh4+ 19. Kf1 Be7 20. Kg2 b5 21. b4 Qd7
22. Ne1 Bb7 23. Nf3 O-O-O 24. a4 Kc7 25. Be1 Rdg8 26. Bh4 Bxh4 27. Rxh4 g6 28.
hxg6 fxg6 29. axb5 axb5 30. Qd2 Qg7 31. Kf2 Rf8 32. Rah1 Kd7 33. f5 gxf5 34.
gxf5 Rxf5 35. Rxh6 Rxh6 36. Qxh6 Qxh6 37. Rxh6 Ke7 38. Kg3 Bc8 39. Nh4 Rg5+
40. Kf4 Rg8 41. Rf6 Bd7 42. Bg4 Nd8 43. Ng6+ Ke8 44. Bh3 Bc8 45. Bg4 Bd7 46.
Kg5 Nf7+ 47. Kh5 Nh8 48. Bxe6 Bxe6 49. Rxe6+ Kd7 50. Rd6+ {#r} 1-0

[Event "Thursday Knighter XI: PREMIER"]
[Site "Minneapolis, MN"]
[Date "2018.11.01"]
[Round "1.2"]
[White "Wasserman, Eddie"]
[Black "Britt, Thomas"]
[Result "1/2-1/2"]
[WhiteElo "1928"]
[BlackElo "1460"]

1. e4 c5 2. Nf3 d6 3. d4 cxd4 4. Nxd4 Nf6 5. Nc3 e6 6. g4 h6 7. h3 d5 8. exd5
Nxd5 9. Bb5+ Bd7 10. Nxd5 exd5 11. Bxd7+ Qxd7 12. Be3 Nc6 13. c3 Bc5 14. Qe2
O-O-O 15. O-O-O Rhe8 16. Qb5 Bxd4 17. Bxd4 f5 18. gxf5 Qxf5 19. Be3 Re5 20.
Qd3 Re4 21. Qb5 Re5 22. Qd3 Qe6 23. Bd4 Rg5 24. h4 Rg2 25. Rhg1 Qg4 26. Rxg2
Qxg2 27. Qg3 Qxg3 28. fxg3 Rd7 29. Kc2 Rf7 30. Bc5 Rd7 31. b3 b6 32. Be3 Re7
33. Bf4 Re2+ 34. Rd2 Rxd2+ 35. Kxd2 Kd7 36. Kd3 Ke6 37. g4 a6 38. a4 b5 39.
Ke3 d4+ 40. cxd4 Kd5 41. Kd3 Nxd4 42. axb5 axb5 43. b4 Nc6 44. Bd2 Ne5+ 45.
Ke2 Nxg4 46. Kf3 Nf6 47. Kf4 g6 48. Bc3 Ne4 49. Bg7 g5+ 50. Kg4 gxh4 51. Bxh6
Kc4 52. Bf8 Nf6+ 53. Kxh4 Nd5 54. Kg4 Nxb4 55. Kf3 Nd3 56. Ke3 Nc5 57. Kd2 b4
58. Bg7 Kb3 59. Bf8 Kc4 60. Bg7 Ne6 61. Bf6 Nc5 62. Be7 Ne4+ 63. Kc2 b3+ 64.
Kb2 Nf2 65. Bf6 Nd1+ 66. Kb1 Nc3+ 67. Bxc3 Kxc3 68. Kc1 Kd3 69. Kb2 Kc4 70.
Kb1 Kb4 71. Kb2 Ka4 72. Kb1 Ka3 73. Ka1 b2+ 74. Kb1 Kb3 {#d} 1/2-1/2

[Event "Thursday Knighter XI: PREMIER"]
[Site "Minneapolis, MN"]
[Date "2018.11.01"]
[Round "1.3"]
[White "Hoover, Nathan"]
[Black "Marquina, Efrain"]
[Result "1-0"]
[WhiteElo "1979"]
[BlackElo "1645"]

1. e4 c5 2. Nf3 g6 3. d4 cxd4 4. Nxd4 Nc6 5. Nc3 Bg7 6. Be3 Nf6 7. Bc4 O-O 8.
Bb3 Ng4 9. Qxg4 Nxd4 10. Qd1 Nxb3 11. axb3 b6 12. h4 h5 13. Qd5 Bxc3+ 14. bxc3
Qc7 15. O-O-O Qc6 16. Qd4 e5 17. Qxe5 Qe6 18. Qf4 f6 19. f3 Bb7 20. Rd6 Qe7
21. g4 Bc6 22. gxh5 {#r} 1-0

[Event "Thursday Knighter XI: PREMIER"]
[Site "Minneapolis, MN"]
[Date "2018.11.01"]
[Round "1.4"]
[White "Buyukdag, Yusuf"]
[Black "Hunt, Ethan"]
[Result "0-1"]
[WhiteElo "1102"]
[BlackElo "1912"]

1. d4 d5 2. c4 c6 3. Nc3 Nf6 4. cxd5 cxd5 5. Qc2 Nc6 6. Nf3 Bg4 7. e3 e6 8.
Be2 Be7 9. h3 Bf5 10. Bd3 Bxd3 11. Qxd3 O-O 12. a3 a6 13. O-O Rc8 14. Re1 Na5
15. b4 Nc4 16. e4 dxe4 17. Nxe4 Nxe4 18. Rxe4 Qd5 19. Rg4 f5 20. Rg3 f4 21.
Rg4 e5 22. Qe2 h5 23. Rg6 e4 24. Ne5 Qxd4 25. Nxc4 Qxa1 26. Qd2 Rfd8 27. Qc2
Qd4 28. Bb2 Qd1+ 29. Qxd1 Rxd1+ 30. Kh2 Rxc4 31. Rxg7+ Kf8 32. Rh7 Rc2 33.
Rh8+ Kf7 34. Rh7+ Ke8 {#R} 0-1

[Event "Thursday Knighter XI: PREMIER"]
[Site "Minneapolis, MN"]
[Date "2018.11.01"]
[Round "1.5"]
[White "Cavanah, Troy"]
[Black "Wisniewski, Vincent"]
[Result "1-0"]
[WhiteElo "1877"]
[BlackElo "1432"]

1. e4 Nf6 2. e5 Nd5 3. c4 Nb6 4. d4 d6 5. exd6 cxd6 6. Nf3 g6 7. Nc3 Bg7 8.
Bd3 Nc6 9. Be3 O-O 10. h4 h5 11. d5 Nb4 12. Be2 Bg4 13. Nd4 Bxe2 14. Qxe2 Bxd4
15. Bxd4 Nxc4 16. a3 Qa5 17. O-O Nxd5 18. Qxc4 Nc7 19. b4 Qa6 20. Qxc7 e5 21.
b5 Rac8 22. Qxc8 Rxc8 23. bxa6 bxa6 24. Nd5 Kf8 25. Be3 a5 26. Rfc1 Rb8 27.
Rab1 Rd8 28. Rc7 a6 29. Rbb7 {#r} 1-0

[Event "Thursday Knighter XI: PREMIER"]
[Site "Minneapolis, MN"]
[Date "2018.11.08"]
[Round "2.1"]
[White "Hunt, Ethan"]
[Black "Narayanan, Samrug"]
[Result "0-1"]
[WhiteElo "1912"]
[BlackElo "1183"]

1. d4 d5 2. c4 e6 3. Nc3 Nf6 4. cxd5 exd5 5. Bg5 Be7 6. e3 h6 7. Bh4 Bf5 8.
Bxf6 Bxf6 9. Qb3 Be6 10. Qxb7 Nd7 11. Nxd5 O-O 12. Nxf6+ Nxf6 13. Qc6 Bd5 14.
Qc2 Re8 15. Ne2 Be4 16. Qd2 Qe7 17. Ng3 c5 18. f3 Bb7 19. Kf2 cxd4 20. exd4
Qd7 21. Bc4 h5 22. Rhe1 h4 23. Ne2 Qc7 24. Rac1 Qxh2 25. Qg5 Rac8 26. Rh1 Qd6
27. Qxh4 Kf8 28. Bb5 Bc6 29. Bxc6 Rxc6 30. Rxc6 Qxc6 31. Qg5 Kg8 32. Qh4 Kf8
33. Qg5 Kg8 34. Re1 Qc2 35. Qb5 Qd2 36. Qb3 Qg5 37. Qc3 Nd5 38. Qc1 Qh4+ 39.
Kg1 Nf4 40. Qd2 Re6 41. g3 Nxe2+ 42. Rxe2 Qxg3+ 43. Kf1 Qxf3+ 44. Ke1 Qh1+ 45.
Kf2 Rf6+ {#R} 0-1

[Event "Thursday Knighter XI: PREMIER"]
[Site "Minneapolis, MN"]
[Date "2018.11.08"]
[Round "2.2"]
[White "Zagar, Dane"]
[Black "Cavanah, Troy"]
[Result "1-0"]
[WhiteElo "1972"]
[BlackElo "1877"]

1. d4 Nf6 2. c4 e6 3. Nc3 Bb4 4. e3 c5 5. Bd3 O-O 6. Nge2 Nc6 7. O-O b6 8. a3
Ba5 9. Na2 d5 10. cxd5 exd5 11. Bb5 Qd6 12. Bxc6 Qxc6 13. b4 cxb4 14. axb4 Qd6
15. Bd2 Ng4 16. Ng3 h5 17. bxa5 h4 18. Bb4 Qh6 19. Nh1 h3 20. Qf3 hxg2 21.
Qxg2 Re8 22. axb6 Re6 23. h3 Rg6 24. hxg4 Bxg4 25. Ng3 Bh3 26. Qxd5 Re8 27.
bxa7 Rxg3+ 28. fxg3 Qxe3+ 29. Kh2 Be6 30. a8=Q Bxd5 31. Qxd5 Re6 32. Qf3 Rh6+
33. Kg2 Qe6 34. Qxf7+ Qxf7 35. Rxf7 Kxf7 36. Re1 {#r} 1-0